000 00705nam a2200205Ii 4500
003 JO-AjNU
008 230605s9999||||xx |||||||||||||| ||und||
040 _aJO-AjNU
_bara
_erda
_cJO-AjNU
041 _aara
050 1 4 _aLB1027.5.Q342 1980
100 3 _aالقاضي، يوسف مصطفى مؤلف/زيدان،محمد مصطفى م.مشارك,
_eauthor
_942511
245 0 0 _aإتجاهات ومفاهيم تربوية ونفسية حديثة
250 _aط1
264 3 1 _aجدة:دار الشروق،1980
300 _a240ص
336 _atext
_btxt
_2rdacontent
337 _aunmediated
_bn
_2rdamedia
338 _avolume
_bnc
_2rdacarrier
650 4 _aعلم النفس التربوي
_942512
999 _aA18208
_c21776
_d21776